Teoria rozpoznawania obrazów w badaniach ekonomicznych
Enregistré dans:
| Format: | Livre |
|---|---|
| Langue: | polonais |
| Publié: |
Warszawa
Panstwowe wydawnictwo naukowe
1979
|
| Tags: |
Pas de tags, Soyez le premier à ajouter un tag!
|
MARC
| LEADER | 00000nam a2200000 4500 | ||
|---|---|---|---|
| 001 | c141692 | ||
| 005 | 20250120074912.7 | ||
| 041 | 0 | |a pol | |
| 044 | |a PL | ||
| 245 | 1 | 0 | |a Teoria rozpoznawania obrazów w badaniach ekonomicznych |c B.B. Rozin |
| 264 | 1 | |a Warszawa |b Panstwowe wydawnictwo naukowe |c 1979 | |
| 300 | |a 291 s. | ||